000 00619nam a2200241 i 4500
001 C2-0271274
003 PPAK
005 20180728001317.0
008 060809s1994 nyua|||| ||||| | eng d
020 _a0199100837
040 _aPPAK
_beng
_cPPAK
_erda
082 0 4 _a591.5
_223
090 0 0 _a591.5
_bSCO
_dR
100 1 _aScott, Michael,
_eauthor
245 1 0 _aEcology
264 1 _aNew York :
_bOxford ,
_c1994
300 _a159 pages :
_bcolour illustrations ;
_c28 cm
336 _2rdacontent
_atext
337 _2rdamedia
_aunmediated
338 _2rdacarrier
_avolume
650 1 0 _aEcology
942 _ddc
_cB
999 _c79576
_d79576